000 00654nam a2200241Ia 4500
003 OSt
005 20221005130847.0
006 a|||||r|||| 00| 0
007 ta
008 221004b |||||||| |||| 00| 0 eng d
024 _a43912
037 _cTextual
040 _aCRL
_cCRL
_beng
041 _2eng
_aeng
082 _aO15,2NCHx, J3(RR)
100 _aChaudhuri Jatindra Bimal
_963122
245 0 _aSanskrit and Pali dramas and songs
260 _c1953
650 _a ENGLISH LITERATURE
650 _aSANSKRIT LITERATURE
942 _hO15,2NCHx, J3(RR)
_cTEXL
_2cc
999 _c1058629
_d1058629